<?xml version="1.0" encoding="UTF-8"?><?xml-stylesheet type="text/xsl" href="static/style.xsl"?><OAI-PMH xmlns="http://www.openarchives.org/OAI/2.0/" xmlns:xsi="http://www.w3.org/2001/XMLSchema-instance" xsi:schemaLocation="http://www.openarchives.org/OAI/2.0/ http://www.openarchives.org/OAI/2.0/OAI-PMH.xsd"><responseDate>2026-04-26T23:36:59Z</responseDate><request verb="GetRecord" identifier="oai:repisalud.isciii.es:20.500.12105/11599" metadataPrefix="marc">https://repisalud.isciii.es/rest/oai/request</request><GetRecord><record><header><identifier>oai:repisalud.isciii.es:20.500.12105/11599</identifier><datestamp>2025-05-08T11:14:12Z</datestamp><setSpec>com_20.500.12105_2052</setSpec><setSpec>com_20.500.12105_2051</setSpec><setSpec>com_20.500.12105_15322</setSpec><setSpec>col_20.500.12105_19608</setSpec><setSpec>col_20.500.12105_16981</setSpec></header><metadata><record xmlns="http://www.loc.gov/MARC21/slim" xmlns:dcterms="http://purl.org/dc/terms/" xmlns:doc="http://www.lyncode.com/xoai" xmlns:xsi="http://www.w3.org/2001/XMLSchema-instance" xsi:schemaLocation="http://www.loc.gov/MARC21/slim http://www.loc.gov/standards/marcxml/schema/MARC21slim.xsd">
   <leader>00925njm 22002777a 4500</leader>
   <datafield ind2=" " ind1=" " tag="042">
      <subfield code="a">dc</subfield>
   </datafield>
   <datafield ind2=" " ind1=" " tag="720">
      <subfield code="a">Ortega-García, Juan Antonio</subfield>
      <subfield code="e">author</subfield>
   </datafield>
   <datafield ind2=" " ind1=" " tag="720">
      <subfield code="a">Martínez-Hernández, Indra</subfield>
      <subfield code="e">author</subfield>
   </datafield>
   <datafield ind2=" " ind1=" " tag="720">
      <subfield code="a">Boldo, Elena</subfield>
      <subfield code="e">author</subfield>
   </datafield>
   <datafield ind2=" " ind1=" " tag="720">
      <subfield code="a">Cárceles-Álvarez, Alberto</subfield>
      <subfield code="e">author</subfield>
   </datafield>
   <datafield ind2=" " ind1=" " tag="720">
      <subfield code="a">Solano-Navarro, Carmen</subfield>
      <subfield code="e">author</subfield>
   </datafield>
   <datafield ind2=" " ind1=" " tag="720">
      <subfield code="a">Ramis, Rebeca</subfield>
      <subfield code="e">author</subfield>
   </datafield>
   <datafield ind2=" " ind1=" " tag="720">
      <subfield code="a">Aguilar-Ros, Estefanía</subfield>
      <subfield code="e">author</subfield>
   </datafield>
   <datafield ind2=" " ind1=" " tag="720">
      <subfield code="a">Sánchez-Solís, Manuel</subfield>
      <subfield code="e">author</subfield>
   </datafield>
   <datafield ind2=" " ind1=" " tag="720">
      <subfield code="a">López-Hernández, Fernando</subfield>
      <subfield code="e">author</subfield>
   </datafield>
   <datafield ind2=" " ind1=" " tag="260">
      <subfield code="c">2020-08</subfield>
   </datafield>
   <datafield ind2=" " ind1=" " tag="520">
      <subfield code="a">[ES] Introducción: La contaminación atmosférica urbana es una amenaza principal para la salud infantojuvenil. Los niños son más vulnerables a sus efectos asociando mayor morbimortalidad de enfermedades agudas y crónicas, especialmente respiratorias. Pretendemos estudiar los efectos de la contaminación atmosférica urbana en la tasa de ingresos hospitalarios por causa aguda respiratoria. Pacientes y métodos: Estudio ecológico durante 2015 de las visitas con patología respiratoria (CIE-9) de urgencias hospitalarias en menores de 17 años en el municipio de la ciudad de Murcia. Regresión logística para el riesgo de ingreso hospitalario entre las consultas en relación con los niveles promedios diarios de contaminantes ambientales (NO2, O3, PM10, SO2) obtenidas de la Red de Vigilancia y Control de la Calidad del Aire de la Región de Murcia. Otras variables de control: sexo, edad, temperatura ambiental media diaria, y estación del año. Resultados: Un total de 12354 niños consultaron en urgencias por patología respiratoria, 56% niños y 44% niñas. Ingresaron el 3,5%, con edad media de 2,54 (IC95% 2,16-2,91) años. Para el riesgo de ingreso hospitalario por enfermedades respiratorias: NO2 1,02 (IC95% 1,01-1,04; p &lt; 0,01), O3 1,01 (IC95% 1,00-1,03; p &lt; 0,01) sexo masculino 1,4 (IC95% 1,11-1,79; p &lt; 0,01) e invierno 2,10 (IC95% 1,40-3,21; p &lt; 0,01). Ingresos por asma: PM10 1,02 (IC95% 1,01-1,04; p &lt; 0,05), O3 1,04 (IC95% 1,01-1,06; p &lt; 0,01). Ingresos por bronquiolitis: edad 0,69 (IC95% 0,48-0,99; p &lt; 0,05); NO2 1,03(IC95% 1,01-1,05; p &lt; 0,01). Conclusiones: La contaminación atmosférica urbana aumenta los ingresos hospitalarios en pediatría por patología aguda respiratoria, especialmente por crisis de asma y bronquiolitis. Poner en marcha medidas preventivas, ampliar las series temporales y estudios colaborativos con datos en abierto ayudarían a mejorar la salud pública y la calidad del aire en las ciudades. [EN] Introduction: Urban air pollution is a major threat to child and adolescent health. Children are more vulnerable to its effects, being associated with higher morbidity and mortality due to acute and chronic diseases, especially respiratory ones. A study is performed on the relationship between urban air pollution and the rate of hospital admissions due to acute respiratory diseases. Patients and methods: An ecological study was conducted on young people under 17 years-old in the city of Murcia, who had visited hospital emergency departments due to respiratory diseases (ICD-9) during 2015. A logistic regression was performed on the risk of hospital admission that included consultations in relation to the average daily levels of environmental pollutants (NO2, O3, PM10, SO2) obtained from the Air Quality Surveillance and Control network of the Region of Murcia. Other control variables, such as gender, age, average daily ambient temperature, and season of the year. Results: A total of 12,354 (56% boys and 44% girls) children consulted in the emergency department for respiratory disease. Of those, 3.5% were admitted, with a mean age of 2.54 (95% CI; 2.16-2.91) years. The odds ratio (OR) of hospital admission for respiratory diseases: NO2 1.02 (95% CI; 1.01-1.04; P&lt;.01), O3 1.01 (95% CI; 1.00-1.03; P&lt;.01) male 1.4 (95% CI 1.11-1.79; P&lt;.01) and winter 2.10 (95% CI 1.40-3.21; P&lt;.01). Admissions for asthma: PM10 1.02 (95% CI; 1.01-1.04; P&lt;.05), O3 1.04 (95% CI; 1.01-1.06; P&lt;.01). Admissions for bronchiolitis: Age 0.69 (95% CI; 0.48-0.99; P&lt;.05); NO2 1.03 (95% CI; 1.01-1.05; P&lt;.01). Conclusions: Urban air pollution increases hospital admissions in children due to acute respiratory diseases, especially asthma and bronchiolitis. Implementing preventive measures, expanding time series and collaborative studies with open data, would help improve public health and air quality in the cities.</subfield>
   </datafield>
   <datafield ind1="8" ind2=" " tag="024">
      <subfield code="a">An Pediatr (Barc)  . 2020 Aug;93(2):95-102.</subfield>
   </datafield>
   <datafield ind1="8" ind2=" " tag="024">
      <subfield code="a">1695-4033</subfield>
   </datafield>
   <datafield ind1="8" ind2=" " tag="024">
      <subfield code="a">http://hdl.handle.net/20.500.12105/11599</subfield>
   </datafield>
   <datafield ind1="8" ind2=" " tag="024">
      <subfield code="a">32115374</subfield>
   </datafield>
   <datafield ind1="8" ind2=" " tag="024">
      <subfield code="a">10.1016/j.anpedi.2020.01.012</subfield>
   </datafield>
   <datafield ind1="8" ind2=" " tag="024">
      <subfield code="a">Anales de pediatria (Barcelona, Spain : 2003)</subfield>
   </datafield>
   <datafield tag="653" ind2=" " ind1=" ">
      <subfield code="a">Air pollution</subfield>
   </datafield>
   <datafield tag="653" ind2=" " ind1=" ">
      <subfield code="a">Environmental health</subfield>
   </datafield>
   <datafield tag="653" ind2=" " ind1=" ">
      <subfield code="a">Hospital admission</subfield>
   </datafield>
   <datafield tag="653" ind2=" " ind1=" ">
      <subfield code="a">Asthma</subfield>
   </datafield>
   <datafield tag="653" ind2=" " ind1=" ">
      <subfield code="a">Respiratory disease</subfield>
   </datafield>
   <datafield tag="653" ind2=" " ind1=" ">
      <subfield code="a">Risk factors</subfield>
   </datafield>
   <datafield ind2="0" ind1="0" tag="245">
      <subfield code="a">Contaminación atmosférica urbana e ingresos hospitalarios por asma y enfermedades respiratorias agudas en la ciudad de Murcia (España)</subfield>
   </datafield>
</record></metadata></record></GetRecord></OAI-PMH>